Prepaid Financing of Primary Health Care in Guinea-Bissau: An Assessment of 18 Village Health Posts (Record no. 226387)

000 -LEADER
fixed length control field 00497cam a22001577a 4500
008 - FIXED-LENGTH DATA ELEMENTS--GENERAL INFORMATION
fixed length control field 180718b1990 xxu||||| |||| 00| 0 eng d
100 ## - MAIN ENTRY--PERSONAL NAME
Personal name Eklund, Per
245 ## - TITLE STATEMENT
Title Prepaid Financing of Primary Health Care in Guinea-Bissau: An Assessment of 18 Village Health Posts
Statement of responsibility, etc. by Per Eklund and Knut Stavem
260 ## - PUBLICATION, DISTRIBUTION, ETC.
Place of publication, distribution, etc. Washington, D.C.
Name of publisher, distributor, etc. IBRD
Date of publication, distribution, etc. 1990
300 ## - PHYSICAL DESCRIPTION
Extent 49p.
440 ## - SERIES STATEMENT/ADDED ENTRY--TITLE
Title Working Papers WPS 488
650 ## - SUBJECT ADDED ENTRY--TOPICAL TERM
Topical term or geographic name entry element Guinea-Bissau
650 ## - SUBJECT ADDED ENTRY--TOPICAL TERM
Topical term or geographic name entry element Health Care
700 ## - ADDED ENTRY--PERSONAL NAME
Personal name Stavem, Knut
700 ## - ADDED ENTRY--PERSONAL NAME
Personal name IBRD
Holdings
Withdrawn status Lost status Damaged status Not for loan Permanent Location Current Location Date acquired Barcode Date last seen Price effective from Koha item type
        Indian Institute of Public Administration Indian Institute of Public Administration 1993-05-28 WB2382 2018-07-20 2018-07-20 WB

Powered by Koha